[Event "EUYCC 2025 - U14"]
[Site "?"]
[Date "2025.08.21"]
[Round "3.2"]
[White "Petroff, Vlad"]
[Black "Matejka, Simon"]
[Result "1/2-1/2"]
[BlackElo "1950"]
[WhiteElo "2081"]
[LiveChessVersion "1.4.8"]

1. d4 {[%clk 1:30:46]} g6 {[%clk 1:29:52]} 2. e4 {[%clk 1:29:55]} Bg7
{[%clk 1:30:08]} 3. Nc3 {[%clk 1:30:09]} d6 {[%clk 1:30:02]} 4. f4
{[%clk 1:29:59]} Nf6 {[%clk 1:24:26]} 5. Bd3 {[%clk 1:29:04]} c6 {[%clk 1:22:59]}
6. Nf3 {[%clk 1:25:29]} Nbd7 {[%clk 1:20:57]} 7. e5 {[%clk 1:16:23]} dxe5
{[%clk 1:20:47]} 8. fxe5 {[%clk 1:16:32]} Nd5 {[%clk 1:19:07]} 9. Nxd5
{[%clk 1:07:24]} cxd5 {[%clk 1:19:28]} 10. Ng5 {[%clk 0:57:40]} h6
{[%clk 1:11:32]} 11. Ne6 {[%clk 0:42:49]} fxe6 {[%clk 1:10:37]} 12. Bxg6+
{[%clk 0:43:15]} Kf8 {[%clk 1:10:58]} 13. O-O+ {[%clk 0:43:42]} Nf6
{[%clk 1:11:06]} 14. exf6 {[%clk 0:36:15]} exf6 {[%clk 1:10:31]} 15. Qh5
{[%clk 0:32:11]} Bd7 {[%clk 1:08:25]} 16. b3 {[%clk 0:31:27]} Be8
{[%clk 1:07:31]} 17. Ba3+ {[%clk 0:29:02]} Kg8 {[%clk 1:07:35]} 18. Rae1
{[%clk 0:28:31]} Qd7 {[%clk 1:06:18]} 19. Bxe8 {[%clk 0:23:20]} Rxe8
{[%clk 1:06:25]} 20. Qg6 {[%clk 0:21:49]} Qf7 {[%clk 1:06:42]} 21. Rxf6
{[%clk 0:19:22]} Qxf6 {[%clk 1:00:18]} 22. Qxe8+ {[%clk 0:19:46]} Kh7
{[%clk 1:00:39]} 23. Qxe6 {[%clk 0:20:11]} Qxe6 {[%clk 0:58:40]} 24. Rxe6
{[%clk 0:20:40]} Bxd4+ {[%clk 0:59:07]} 25. Kf1 {[%clk 0:19:59]} Rc8
{[%clk 0:59:02]} 26. Re2 {[%clk 0:20:09]} Kg6 {[%clk 0:58:36]} 27. g3
{[%clk 0:20:16]} Kf5 {[%clk 0:57:26]} 28. Kg2 {[%clk 0:20:23]} h5
{[%clk 0:57:17]} 29. Bb4 {[%clk 0:17:44]} b6 {[%clk 0:55:36]} 30. Kf3
{[%clk 0:17:25]} a5 {[%clk 0:55:27]} 31. Be1 {[%clk 0:17:48]} a4 {[%clk 0:47:05]}
32. Rd2 {[%clk 0:11:14]} Ke5 {[%clk 0:45:24]} 33. Bf2 {[%clk 0:08:48]} Bxf2
{[%clk 0:43:35]} 34. Kxf2 {[%clk 0:09:02]} axb3 {[%clk 0:43:48]} 35. axb3
{[%clk 0:09:16]} Rc3 {[%clk 0:43:23]} 36. Re2+ {[%clk 0:09:24]} Kf5
{[%clk 0:43:11]} 37. Kg2 {[%clk 0:07:22]} h4 {[%clk 0:40:44]} 38. gxh4
{[%clk 0:07:36]} Kg4 {[%clk 0:40:09]} 39. Rd2 {[%clk 0:07:53]} Rc5
{[%clk 0:34:40]} 40. c4 {[%clk 0:06:14]} dxc4 {[%clk 0:32:02]} 41. Rd4+
{[%clk 0:06:42]} Kh5 {[%clk 0:28:27]} 42. bxc4 {[%clk 0:05:25]} Kh6
{[%clk 0:25:24]} 43. Kg3 {[%clk 0:05:04]} b5 {[%clk 0:25:27]} 44. cxb5
{[%clk 0:05:28]} Rxb5 {[%clk 0:25:50]} 45. Kg4 {[%clk 0:05:55]} Ra5
{[%clk 0:25:54]} 46. Rd6+ {[%clk 0:06:17]} Kh7 {[%clk 0:26:19]} 47. h3
{[%clk 0:06:24]} Rb5 {[%clk 0:26:36]} 48. Rf6 {[%clk 0:06:22]} Rb4+
{[%clk 0:26:02]} 49. Kg5 {[%clk 0:06:38]} Rb5+ {[%clk 0:26:26]} 50. Kg4
{[%clk 0:07:05]} Rb4+ {[%clk 0:26:50]} 51. Kg3 {[%clk 0:07:31]} Rb3+
{[%clk 0:27:13]} 52. Kg2 {[%clk 0:07:58]} 1/2-1/2

[Event "EUYCC 2025 - U14"]
[Site "?"]
[Date "2025.08.21"]
[Round "3.3"]
[White "Bundan, Edward"]
[Black "Mojzisova, Barbora"]
[Result "1-0"]
[BlackElo "1740"]
[WhiteElo "1976"]
[LiveChessVersion "1.4.8"]

1. d4 {[%clk 1:30:54]} Nf6 {[%clk 1:30:43]} 2. c4 {[%clk 1:31:12]} e6
{[%clk 1:31:02]} 3. Nf3 {[%clk 1:31:16]} d5 {[%clk 1:31:14]} 4. Nc3
{[%clk 1:31:10]} Be7 {[%clk 1:31:02]} 5. cxd5 {[%clk 1:31:24]} exd5
{[%clk 1:30:36]} 6. Bg5 {[%clk 1:31:27]} c6 {[%clk 1:29:56]} 7. e3
{[%clk 1:31:21]} O-O {[%clk 1:29:27]} 8. Bd3 {[%clk 1:31:40]} Nbd7
{[%clk 1:28:22]} 9. Qc2 {[%clk 1:31:25]} h6 {[%clk 1:27:42]} 10. Bh4
{[%clk 1:31:20]} Nb6 {[%clk 1:26:32]} 11. O-O {[%clk 1:30:52]} Be6
{[%clk 1:24:00]} 12. Ne5 {[%clk 1:28:22]} Nc8 {[%clk 1:19:27]} 13. f4
{[%clk 1:26:27]} Nd6 {[%clk 1:18:50]} 14. f5 {[%clk 1:25:58]} Bd7
{[%clk 1:18:17]} 15. Kh1 {[%clk 1:24:47]} Re8 {[%clk 1:15:07]} 16. Rg1
{[%clk 1:23:43]} Nfe4 {[%clk 1:12:19]} 17. Bxe7 {[%clk 1:22:43]} Qxe7
{[%clk 1:12:02]} 18. Bxe4 {[%clk 1:22:22]} dxe4 {[%clk 1:11:10]} 19. g4
{[%clk 1:21:12]} Rad8 {[%clk 1:09:52]} 20. Qf2 {[%clk 1:20:58]} Nb5
{[%clk 1:04:17]} 21. Nxb5 {[%clk 1:20:03]} cxb5 {[%clk 1:03:34]} 22. h4
{[%clk 1:19:49]} Kh7 {[%clk 0:55:28]} 23. Qg3 {[%clk 1:16:27]} Rh8
{[%clk 0:46:23]} 24. Raf1 {[%clk 1:15:24]} Be8 {[%clk 0:43:49]} 25. g5
{[%clk 1:05:47]} hxg5 {[%clk 0:41:20]} 26. hxg5 {[%clk 1:03:51]} Kg8+
{[%clk 0:40:28]} 27. Kg2 {[%clk 1:03:52]} Rc8 {[%clk 0:38:25]} 28. Rf2
{[%clk 0:59:14]} Rh5 {[%clk 0:34:53]} 29. f6 {[%clk 0:59:08]} Qd8
{[%clk 0:33:47]} 30. g6 {[%clk 0:57:31]} fxg6 {[%clk 0:27:21]} 31. f7+
{[%clk 0:56:52]} Bxf7 {[%clk 0:26:36]} 32. Nxf7 {[%clk 0:57:04]} Qe7
{[%clk 0:25:49]} 33. Qxg6 {[%clk 0:53:44]} Qh4 {[%clk 0:24:40]} 34. Qg3
{[%clk 0:53:49]} Rf8 {[%clk 0:23:47]} 35. Qxh4 {[%clk 0:53:57]} Rxh4
{[%clk 0:24:11]} 36. Ne5 {[%clk 0:53:48]} Rxf2+ {[%clk 0:24:08]} 37. Kxf2
{[%clk 0:54:14]} Rh2+ {[%clk 0:24:30]} 38. Rg2 {[%clk 0:54:40]} Rh1
{[%clk 0:24:45]} 39. Kg3 {[%clk 0:54:44]} Re1 {[%clk 0:24:54]} 40. Kf4
{[%clk 0:55:06]} Ra1 {[%clk 0:24:43]} 41. a3 {[%clk 0:55:28]} a5 {[%clk 0:24:50]}
42. Kxe4 {[%clk 0:55:48]} b4 {[%clk 0:25:13]} 43. axb4 {[%clk 0:56:15]} axb4
{[%clk 0:25:38]} 44. d5 {[%clk 0:56:35]} Ra8 {[%clk 0:25:48]} 45. d6
{[%clk 0:56:58]} Rd8 {[%clk 0:26:13]} 46. d7 {[%clk 0:57:23]} 1-0

[Event "EUYCC 2025 - U14"]
[Site "?"]
[Date "2025.08.21"]
[Round "3.4"]
[White "Malureanu, Andrei"]
[Black "Janouskova, Eliska"]
[Result "1/2-1/2"]
[BlackElo "1748"]
[WhiteElo "1585"]
[LiveChessVersion "1.4.8"]

1. Nf3 {[%clk 1:30:56]} c5 {[%clk 1:30:24]} 2. g3 {[%clk 1:30:58]} Nf6
{[%clk 1:29:56]} 3. Bg2 {[%clk 1:30:51]} e6 {[%clk 1:29:13]} 4. O-O
{[%clk 1:30:25]} Be7 {[%clk 1:28:11]} 5. c3 {[%clk 1:30:40]} O-O {[%clk 1:26:06]}
6. d4 {[%clk 1:29:18]} d5 {[%clk 1:19:11]} 7. Re1 {[%clk 1:25:02]} Nc6
{[%clk 1:15:29]} 8. b3 {[%clk 1:19:53]} cxd4 {[%clk 1:09:58]} 9. cxd4
{[%clk 1:19:23]} Bb4 {[%clk 1:04:21]} 10. Bd2 {[%clk 1:16:52]} Bxd2
{[%clk 1:02:15]} 11. Nbxd2 {[%clk 1:15:57]} b6 {[%clk 1:00:17]} 12. Ne5
{[%clk 0:54:33]} Bb7 {[%clk 0:51:59]} 13. Nxc6 {[%clk 0:54:00]} Bxc6
{[%clk 0:52:23]} 14. Nf3 {[%clk 0:52:54]} Rc8 {[%clk 0:49:54]} 15. Ne5
{[%clk 0:51:44]} Bb7 {[%clk 0:48:02]} 16. Qd2 {[%clk 0:50:07]} Nd7
{[%clk 0:41:33]} 17. Nxd7 {[%clk 0:49:24]} Qxd7 {[%clk 0:41:57]} 18. Rac1
{[%clk 0:48:40]} h6 {[%clk 0:38:21]} 19. e3 {[%clk 0:45:35]} Rfd8
{[%clk 0:36:00]} 20. Rxc8 {[%clk 0:43:50]} Rxc8 {[%clk 0:36:01]} 1/2-1/2

[Event "EUYCC 2025 - U14"]
[Site "?"]
[Date "2025.08.21"]
[Round "3.5"]
[White "Migalko, Dmitriy"]
[Black "Komarek, Tobias"]
[Result "0-1"]
[BlackElo "1897"]
[WhiteElo "1916"]
[LiveChessVersion "1.4.8"]

1. e4 {[%clk 1:30:58]} d5 {[%clk 1:30:55]} 2. exd5 {[%clk 1:31:06]} Qxd5
{[%clk 1:31:18]} 3. Nc3 {[%clk 1:31:08]} Qd6 {[%clk 1:31:40]} 4. d4
{[%clk 1:31:03]} Nf6 {[%clk 1:31:32]} 5. Nf3 {[%clk 1:31:12]} c6 {[%clk 1:31:29]}
6. Ne5 {[%clk 1:27:01]} Bf5 {[%clk 1:15:55]} 7. g4 {[%clk 1:21:53]} Bg6
{[%clk 1:15:31]} 8. Bf4 {[%clk 1:21:40]} Nd5 {[%clk 1:06:14]} 9. Nxd5
{[%clk 1:16:33]} Qxd5 {[%clk 1:05:46]} 10. Nxg6 {[%clk 1:13:45]} hxg6
{[%clk 1:03:30]} 11. f3 {[%clk 1:13:56]} e6 {[%clk 1:02:20]} 12. Qd3
{[%clk 1:05:23]} Nd7 {[%clk 0:50:42]} 13. Bd2 {[%clk 0:58:23]} O-O-O
{[%clk 0:44:10]} 14. g5 {[%clk 0:44:12]} e5 {[%clk 0:30:14]} 15. c3
{[%clk 0:25:18]} exd4 {[%clk 0:28:08]} 16. cxd4 {[%clk 0:25:21]} Bd6
{[%clk 0:24:09]} 17. h3 {[%clk 0:23:24]} Nf8 {[%clk 0:18:06]} 18. Kf2
{[%clk 0:21:12]} Ne6 {[%clk 0:16:41]} 19. Be3 {[%clk 0:20:19]} Nxg5
{[%clk 0:10:23]} 20. Bg2 {[%clk 0:20:09]} Ne6 {[%clk 0:10:34]} 21. f4
{[%clk 0:15:46]} Qh5 {[%clk 0:09:43]} 22. Qe4 {[%clk 0:11:22]} Qh4+
{[%clk 0:08:00]} 23. Kg1 {[%clk 0:10:30]} Rhe8 {[%clk 0:06:28]} 24. Rc1
{[%clk 0:08:51]} Bxf4 {[%clk 0:03:22]} 25. Rxc6+ {[%clk 0:07:34]} bxc6
{[%clk 0:03:51]} 26. Qxc6+ {[%clk 0:07:50]} Bc7 {[%clk 0:04:16]} 27. Qb5
{[%clk 0:06:35]} Qe1+ {[%clk 0:04:08]} 28. Qc6 Qh4 29. Bf2 0-1

[Event "EUYCC 2025 - U14"]
[Site "?"]
[Date "2025.08.21"]
[Round "3.6"]
[White "Rzadkowska, Kaja"]
[Black "Belocky, Daniel"]
[Result "1/2-1/2"]
[BlackElo "1683"]
[WhiteElo "1878"]
[LiveChessVersion "1.4.8"]

1. e4 {[%clk 1:30:57]} c5 {[%clk 1:30:57]} 2. Nf3 {[%clk 1:31:01]} d6
{[%clk 1:31:21]} 3. d4 {[%clk 1:31:19]} cxd4 {[%clk 1:31:46]} 4. Nxd4
{[%clk 1:31:45]} Nf6 {[%clk 1:32:10]} 5. Nc3 {[%clk 1:32:09]} a6 {[%clk 1:32:36]}
6. Nb3 {[%clk 1:32:04]} Nc6 {[%clk 1:32:45]} 7. Be2 {[%clk 1:31:53]} g6
{[%clk 1:32:21]} 8. O-O {[%clk 1:31:56]} Bg7 {[%clk 1:32:45]} 9. a4
{[%clk 1:31:37]} O-O {[%clk 1:32:46]} 10. Be3 {[%clk 1:30:06]} Nd7
{[%clk 1:27:39]} 11. Qd2 {[%clk 1:28:24]} f5 {[%clk 1:20:09]} 12. exf5
{[%clk 1:25:26]} gxf5 {[%clk 1:19:44]} 13. a5 {[%clk 1:20:33]} Nf6
{[%clk 1:15:38]} 14. Rfd1 {[%clk 1:18:38]} Be6 {[%clk 1:14:20]} 15. Nd4
{[%clk 1:16:03]} Nxd4 {[%clk 1:10:14]} 16. Bxd4 {[%clk 1:15:46]} Bd7
{[%clk 1:07:35]} 17. Bc4+ {[%clk 0:59:53]} Kh8 {[%clk 1:06:48]} 18. Qe2
{[%clk 0:56:24]} e5 {[%clk 1:02:12]} 19. Bb6 {[%clk 0:56:11]} Qe7
{[%clk 1:01:59]} 20. Rd3 {[%clk 0:46:40]} Rac8 {[%clk 0:52:39]} 21. Bb3
{[%clk 0:42:02]} Be6 {[%clk 0:52:03]} 22. Bxe6 {[%clk 0:41:11]} Qxe6
{[%clk 0:52:26]} 23. Rad1 {[%clk 0:40:18]} Rc6 {[%clk 0:49:48]} 24. Qd2
{[%clk 0:33:22]} Ne8 {[%clk 0:47:23]} 25. Nd5 {[%clk 0:31:18]} Rg8
{[%clk 0:44:06]} 26. Rh3 {[%clk 0:28:20]} Bf8 {[%clk 0:42:02]} 27. Qe2
{[%clk 0:26:14]} Qf7 {[%clk 0:40:09]} 28. f4 {[%clk 0:23:40]} Bg7
{[%clk 0:36:45]} 29. Qf2 {[%clk 0:20:45]} Nf6 {[%clk 0:33:47]} 30. Nxf6
{[%clk 0:19:41]} Qxf6 {[%clk 0:33:31]} 31. c3 {[%clk 0:18:34]} Qf7
{[%clk 0:15:20]} 32. Rf1 {[%clk 0:15:41]} Rf8 {[%clk 0:13:05]} 33. Rf3
{[%clk 0:14:59]} e4 {[%clk 0:11:57]} 34. Rh3 {[%clk 0:14:37]} d5 {[%clk 0:10:29]}
35. Rd1 {[%clk 0:13:32]} Re8 {[%clk 0:10:15]} 36. Re3 {[%clk 0:12:09]} Rh6
{[%clk 0:09:23]} 37. Qd2 {[%clk 0:11:26]} Rd6 {[%clk 0:09:31]} 38. Bc5
{[%clk 0:10:13]} Rd7 {[%clk 0:08:45]} 39. Qf2 {[%clk 0:08:40]} Rc8
{[%clk 0:07:23]} 40. Bb6 {[%clk 0:08:32]} Rc6 {[%clk 0:07:45]} 41. Re2
{[%clk 0:08:25]} Re6 {[%clk 0:07:16]} 42. Qe3 {[%clk 0:08:07]} Rc6
{[%clk 0:06:14]} 43. Red2 {[%clk 0:08:04]} Rc4 {[%clk 0:06:06]} 44. Qe2
{[%clk 0:07:18]} Rc6 {[%clk 0:06:03]} 45. Kh1 {[%clk 0:05:40]} Re6
{[%clk 0:05:33]} 46. Be3 {[%clk 0:04:57]} Rc6 {[%clk 0:05:42]} 47. c4
{[%clk 0:03:27]} d4 {[%clk 0:04:44]} 48. Bxd4 {[%clk 0:03:46]} Qxc4
{[%clk 0:05:07]} 49. Bxg7+ {[%clk 0:03:28]} Rxg7 {[%clk 0:05:31]} 50. Qe3
{[%clk 0:02:36]} 1/2-1/2

[Event "EUYCC 2025 - U14"]
[Site "?"]
[Date "2025.08.21"]
[Round "3.7"]
[White "Kostov, Rubin"]
[Black "Bolla, Zsofia"]
[Result "1-0"]
[BlackElo "1772"]
[WhiteElo "1621"]
[LiveChessVersion "1.4.8"]

1. c4 {[%clk 1:30:57]} e6 {[%clk 1:30:55]} 2. Nc3 {[%clk 1:31:19]} d5
{[%clk 1:31:18]} 3. cxd5 {[%clk 1:31:38]} exd5 {[%clk 1:31:38]} 4. e3
{[%clk 1:31:58]} Nf6 {[%clk 1:31:36]} 5. g3 {[%clk 1:32:17]} Bf5 {[%clk 1:30:32]}
6. Bg2 {[%clk 1:32:18]} c6 {[%clk 1:29:51]} 7. Nge2 {[%clk 1:32:37]} Bd6
{[%clk 1:28:28]} 8. O-O {[%clk 1:32:53]} O-O {[%clk 1:28:04]} 9. b3
{[%clk 1:33:00]} Nbd7 {[%clk 1:27:47]} 10. Bb2 {[%clk 1:32:34]} Ne5
{[%clk 1:24:08]} 11. Nf4 {[%clk 1:27:41]} Nd3 {[%clk 1:20:19]} 12. Nxd3
{[%clk 1:26:26]} Bxd3 {[%clk 1:20:43]} 13. Re1 {[%clk 1:25:50]} Ne4
{[%clk 1:13:28]} 14. Nxe4 {[%clk 1:24:23]} dxe4 {[%clk 1:13:43]} 15. Qg4
{[%clk 1:24:42]} g6 {[%clk 1:13:21]} 16. Bxe4 {[%clk 1:24:58]} f5
{[%clk 1:13:38]} 17. Bxf5 {[%clk 1:21:51]} Bxf5 {[%clk 1:11:17]} 18. Qd4
{[%clk 1:22:14]} Qe7 {[%clk 1:11:18]} 19. e4 {[%clk 1:19:48]} Be6
{[%clk 1:07:26]} 20. Qh8+ {[%clk 1:19:51]} Kf7 {[%clk 1:07:50]} 21. Qxh7+
{[%clk 1:20:11]} Ke8 {[%clk 1:08:12]} 22. Qxg6+ {[%clk 1:20:28]} Kd7
{[%clk 1:07:43]} 23. e5 {[%clk 1:11:56]} Bc5 {[%clk 1:03:03]} 24. d4
{[%clk 1:11:09]} Bb4 {[%clk 0:56:05]} 25. Red1 {[%clk 1:03:07]} Rf3
{[%clk 0:50:14]} 26. a3 {[%clk 0:53:32]} Rxb3 {[%clk 0:48:19]} 27. Qc2
{[%clk 0:47:25]} Bxa3 {[%clk 0:47:59]} 28. d5 {[%clk 0:42:46]} Rxb2
{[%clk 0:43:42]} 29. dxe6+ {[%clk 0:43:05]} Kc7 {[%clk 0:39:47]} 30. Qc3
{[%clk 0:43:07]} Qc5 {[%clk 0:37:27]} 31. Qf3 {[%clk 0:34:53]} Rf8
{[%clk 0:36:33]} 32. Rd7+ {[%clk 0:35:13]} Kb6 {[%clk 0:35:12]} 33. Rf7
{[%clk 0:35:32]} Rxf7 {[%clk 0:31:49]} 34. exf7 {[%clk 0:35:41]} Bb4
{[%clk 0:31:44]} 35. e6 {[%clk 0:26:15]} Qf8 {[%clk 0:21:07]} 36. Qf6
{[%clk 0:23:10]} Re2 {[%clk 0:13:30]} 37. Rb1 {[%clk 0:22:08]} Ka5
{[%clk 0:12:46]} 38. Qf5+ {[%clk 0:19:26]} Qc5 {[%clk 0:09:17]} 39. f8=Q
{[%clk 0:18:11]} Re5 {[%clk 0:05:49]} 40. Qxe5 {[%clk 0:17:00]} Qxe5
{[%clk 0:06:00]} 41. Qxb4+ {[%clk 0:17:23]} Ka6 {[%clk 0:06:17]} 42. Qa4+
{[%clk 0:17:44]} Qa5 {[%clk 0:06:34]} 43. Qxa5+ {[%clk 0:18:07]} Kxa5
{[%clk 0:06:58]} 44. e7 {[%clk 0:18:32]} 1-0

[Event "EUYCC 2025 - U14"]
[Site "?"]
[Date "2025.08.21"]
[Round "3.8"]
[White "Plechacek, Matej"]
[Black "Amvrosiadis, Themistoklis"]
[Result "0-1"]
[BlackElo "1625"]
[WhiteElo "1741"]
[LiveChessVersion "1.4.8"]

1. d4 {[%clk 1:30:45]} d5 {[%clk 1:30:33]} 2. Bf4 {[%clk 1:30:55]} Nf6
{[%clk 1:30:00]} 3. e3 {[%clk 1:31:20]} Bf5 {[%clk 1:28:52]} 4. c4
{[%clk 1:31:44]} c6 {[%clk 1:17:54]} 5. Nc3 {[%clk 1:30:54]} e6 {[%clk 1:16:23]}
6. Nf3 {[%clk 1:30:39]} Nbd7 {[%clk 1:14:51]} 7. Bd3 {[%clk 1:30:45]} Bg4
{[%clk 1:10:01]} 8. h3 {[%clk 1:30:32]} Bh5 {[%clk 1:08:23]} 9. O-O
{[%clk 1:29:59]} Be7 {[%clk 1:07:57]} 10. Rb1 {[%clk 1:29:29]} O-O
{[%clk 1:00:27]} 11. b4 {[%clk 1:28:12]} dxc4 {[%clk 0:57:49]} 12. Bxc4
{[%clk 1:28:31]} Nb6 {[%clk 0:57:17]} 13. Bd3 {[%clk 1:28:41]} Nbd5
{[%clk 0:56:07]} 14. Nxd5 {[%clk 1:24:12]} Nxd5 {[%clk 0:55:00]} 15. g4
{[%clk 1:20:46]} Bg6 {[%clk 0:52:28]} 16. Bxg6 {[%clk 1:20:51]} fxg6
{[%clk 0:48:49]} 17. Be5 {[%clk 1:19:57]} Nc3 {[%clk 0:38:59]} 18. Qb3
{[%clk 1:18:25]} Nxb1 {[%clk 0:37:20]} 19. Kg2 {[%clk 1:18:09]} Rxf3
{[%clk 0:32:24]} 20. Qxe6+ {[%clk 1:16:12]} Rf7 {[%clk 0:32:08]} 0-1

[Event "EUYCC 2025 - U14"]
[Site "?"]
[Date "2025.08.21"]
[Round "3.9"]
[White "Hujova, Tess"]
[Black "Chmelikova, Julia"]
[Result "1-0"]
[BlackElo "1590"]
[WhiteElo "1709"]
[LiveChessVersion "1.4.8"]

1. e4 {[%clk 1:30:57]} e5 {[%clk 1:30:43]} 2. f4 {[%clk 1:31:21]} d5
{[%clk 1:28:01]} 3. exd5 {[%clk 1:31:42]} Qxd5 {[%clk 1:26:49]} 4. Nc3
{[%clk 1:31:35]} Qe6 {[%clk 1:24:48]} 5. Nf3 {[%clk 1:28:29]} Nc6
{[%clk 1:21:34]} 6. Bb5 {[%clk 1:24:16]} exf4+ {[%clk 1:16:15]} 7. Be2
{[%clk 1:24:23]} Bd6 {[%clk 1:13:16]} 8. d4 {[%clk 1:22:44]} Qf6 {[%clk 1:07:41]}
9. O-O {[%clk 1:18:31]} Nge7 {[%clk 1:03:25]} 10. Ne4 {[%clk 1:10:21]} Qg6
{[%clk 0:58:11]} 11. Bd3 {[%clk 1:06:54]} f5 {[%clk 0:54:23]} 12. Nc3
{[%clk 0:57:00]} Bd7 13. d5 {[%clk 0:35:41]} Ne5 {[%clk 0:37:30]} 14. Be2
{[%clk 0:27:40]} Qh6 {[%clk 0:31:44]} 15. Qd4 {[%clk 0:25:09]} Qf6
{[%clk 0:23:13]} 16. Qf2 {[%clk 0:16:30]} N5g6 {[%clk 0:18:03]} 17. Bc4
{[%clk 0:11:46]} a6 {[%clk 0:14:18]} 18. Qd2 {[%clk 0:10:53]} O-O
{[%clk 0:12:40]} 19. b3 {[%clk 0:10:18]} Kh8 {[%clk 0:11:22]} 20. Kh1
{[%clk 0:10:21]} Ne5 {[%clk 0:09:58]} 21. Nxe5 {[%clk 0:09:56]} Bxe5
{[%clk 0:10:12]} 22. Bb2 {[%clk 0:10:12]} b5 {[%clk 0:09:57]} 23. Be2
{[%clk 0:09:21]} b4 {[%clk 0:09:12]} 24. Na4 {[%clk 0:09:39]} Bxb2
{[%clk 0:08:51]} 25. Nxb2 {[%clk 0:10:05]} Qxb2 {[%clk 0:08:23]} 26. Bf3
{[%clk 0:10:19]} Rad8 {[%clk 0:06:37]} 27. Qxb4 {[%clk 0:09:58]} Bb5
{[%clk 0:04:48]} 28. c4 {[%clk 0:09:51]} Nxd5 {[%clk 0:04:28]} 29. Bxd5
{[%clk 0:09:26]} Rfe8 {[%clk 0:03:52]} 30. Bf3 {[%clk 0:07:19]} Bd7
{[%clk 0:03:15]} 31. Qc5 {[%clk 0:06:36]} c6 {[%clk 0:02:35]} 32. b4
{[%clk 0:04:56]} Qe5 {[%clk 0:02:25]} 33. Qb6 {[%clk 0:04:44]} Rb8
{[%clk 0:01:46]} 34. Qxa6 {[%clk 0:05:04]} Rxb4 {[%clk 0:01:56]} 35. Bxc6
{[%clk 0:05:06]} Bxc6 {[%clk 0:02:04]} 36. Qxc6 {[%clk 0:05:34]} h6
{[%clk 0:02:14]} 37. a4 {[%clk 0:05:09]} Qe4 {[%clk 0:02:03]} 38. Qxe4
{[%clk 0:04:27]} Rxe4 {[%clk 0:02:28]} 39. a5 {[%clk 0:04:37]} Rexc4
{[%clk 0:02:42]} 40. a6 {[%clk 0:04:55]} Ra4 {[%clk 0:03:05]} 41. a7
{[%clk 0:05:09]} 1-0

[Event "EUYCC 2025 - U14"]
[Site "?"]
[Date "2025.08.21"]
[Round "3.10"]
[White "Jenikova, Sabina"]
[Black "Debowska, Olga"]
[Result "0-1"]
[BlackElo "1783"]
[WhiteElo "1491"]
[LiveChessVersion "1.4.8"]

1. b4 {[%clk 1:30:57]} e5 {[%clk 1:30:43]} 2. Bb2 {[%clk 1:31:19]} Bxb4
{[%clk 1:31:06]} 3. Bxe5 {[%clk 1:31:30]} Nf6 {[%clk 1:31:28]} 4. Nf3
{[%clk 1:31:27]} d5 {[%clk 1:31:44]} 5. e3 {[%clk 1:31:12]} Be6 {[%clk 1:31:48]}
6. Be2 {[%clk 1:29:51]} Nbd7 {[%clk 1:31:53]} 7. Bb2 {[%clk 1:29:36]} O-O
{[%clk 1:31:45]} 8. O-O {[%clk 1:29:45]} c5 {[%clk 1:31:38]} 9. d3
{[%clk 1:26:08]} Qb6 {[%clk 1:29:08]} 10. Nc3 {[%clk 1:18:29]} Rac8
{[%clk 1:27:52]} 11. Rb1 {[%clk 1:15:12]} Qa5 {[%clk 1:27:16]} 12. Nb5
{[%clk 0:59:12]} Qxb5 {[%clk 1:20:07]} 13. Bxf6 {[%clk 0:59:00]} Nxf6
{[%clk 1:20:25]} 14. c3 {[%clk 0:56:15]} a5 {[%clk 1:08:48]} 15. cxb4
{[%clk 0:52:55]} axb4 {[%clk 1:08:59]} 16. a3 {[%clk 0:50:11]} Rfd8
{[%clk 1:08:48]} 17. axb4 {[%clk 0:49:01]} c4 {[%clk 1:08:50]} 18. Nd4
{[%clk 0:43:54]} Qb6 {[%clk 1:08:51]} 19. Qc2 {[%clk 0:33:38]} Nd7
{[%clk 1:04:45]} 20. Rfc1 {[%clk 0:30:38]} Ne5 {[%clk 1:00:46]} 21. f4
{[%clk 0:23:55]} Nc6 {[%clk 0:59:09]} 22. Qb2 {[%clk 0:23:32]} Nxd4
{[%clk 0:59:10]} 23. exd4 {[%clk 0:23:46]} c3 {[%clk 0:58:50]} 24. Qa3
{[%clk 0:21:13]} Qxd4+ {[%clk 0:59:07]} 25. Kh1 {[%clk 0:21:35]} Qe3
{[%clk 0:57:35]} 26. Rc2 {[%clk 0:20:13]} d4 {[%clk 0:56:18]} 27. Rf1
{[%clk 0:19:11]} Ra8 {[%clk 0:55:11]} 28. Qc1 {[%clk 0:17:29]} Qxc1
{[%clk 0:55:33]} 29. Rcxc1 {[%clk 0:17:52]} Ra4 {[%clk 0:54:56]} 30. Rb1
{[%clk 0:17:19]} Ba2 {[%clk 0:53:59]} 31. Ra1 {[%clk 0:16:52]} Rda8
{[%clk 0:52:36]} 32. Bf3 {[%clk 0:15:20]} Rxb4 {[%clk 0:50:01]} 33. Bd5
{[%clk 0:14:07]} Rb2 {[%clk 0:48:13]} 34. h3 {[%clk 0:11:42]} Ra6
{[%clk 0:47:46]} 35. Bf3 {[%clk 0:11:14]} c2 {[%clk 0:45:51]} 36. Rae1
{[%clk 0:09:55]} Kf8 {[%clk 0:45:54]} 37. Rc1 {[%clk 0:10:03]} Rb1
{[%clk 0:45:38]} 38. Kg1 {[%clk 0:09:52]} Rxc1 {[%clk 0:44:57]} 39. Rxc1
{[%clk 0:10:12]} Bb3 {[%clk 0:44:50]} 40. Kf2 {[%clk 0:09:19]} b5
{[%clk 0:45:06]} 41. Ke2 {[%clk 0:09:18]} b4 {[%clk 0:45:21]} 42. Kd2
{[%clk 0:09:18]} Ra2 {[%clk 0:43:58]} 43. Bc6 {[%clk 0:08:57]} Ke7
{[%clk 0:43:48]} 44. Bb5 {[%clk 0:07:35]} Bd5 {[%clk 0:43:06]} 45. g4
{[%clk 0:07:35]} b3 {[%clk 0:42:55]} 46. Bc4 {[%clk 0:07:23]} Bxc4
{[%clk 0:42:03]} 47. dxc4 {[%clk 0:07:47]} Kd6 {[%clk 0:38:14]} 48. Re1
{[%clk 0:06:48]} Rb2 {[%clk 0:37:34]} 49. h4 {[%clk 0:06:02]} Rb1
{[%clk 0:36:43]} 50. Rc1 {[%clk 0:06:19]} d3 {[%clk 0:36:59]} 51. h5
{[%clk 0:06:22]} b2 {[%clk 0:37:19]} 52. Rxc2 {[%clk 0:06:33]} dxc2
{[%clk 0:37:43]} 53. Kxc2 {[%clk 0:06:56]} Rc1+ {[%clk 0:38:07]} 0-1